|
|
|
|
| LEADER |
01351nam a2200385 4500 |
| 001 |
000010607 |
| 005 |
20260217123137.0 |
| 008 |
141031s1824 xo e ger |
| FMT |
|
|
|
| 040 |
|
|
|a SVKKK
|b slo
|c SVKKK
|e AACR2
|
| 041 |
0 |
|
|a ger
|
| 044 |
|
|
|a xo
|c SK
|
| 080 |
|
|
|a 655.3.066.13
|
| 130 |
0 |
|
|a Unterhaltungs=Blatt
|
| 245 |
1 |
0 |
|a Unterhaltungs=Blatt,
|b als Beilage zur Preßburger Zeitung. Ertse Jahres=Hälfte. 1824
|
| 260 |
|
|
|a Preßburg,
|b Gedruckt und verlegt bei Carl C. Snischek, k. k. priv. Buchdrucker
|c (1824)
|
| 300 |
|
|
|a 414 s.
|c 17,5x11 cm
|
| 500 |
|
|
|a Vineta ornam., linky
|
| 505 |
2 |
|
|a Zväzok obsahuje čísla 1-51
|
| 510 |
4 |
|
|a UKB [pod názvom - Unterhaltungsblatt für die Leser der Pressburger Zeitung als Beilage zur Pressburger Zeitung]
|
| 550 |
|
|
|a Rok vydania z textu titl. listu
|
| 561 |
|
|
|a Peč.: Štátna vedecká knižnica v Košiciach; A Népkönyvtári Központtol
|
| 563 |
|
|
|a Brožovaná, zelený papier
|
| 653 |
1 |
|
|a periodiká
|
| 653 |
1 |
|
|a Pressburger Zeitung
|
| 653 |
1 |
|
|a prílohy
|
| 710 |
0 |
|
|a Snížek, Karol Gašpar
|c Bratislava
|d 1809-1832
|4 prt
|
| 710 |
0 |
|
|a knižnice - Népkönyvtári Központ
|4 sgn
|
| 752 |
|
|
|a Slovensko
|d Bratislava
|
| 852 |
|
|
|p A 809/1824
|
| 904 |
|
|
|a f---y----yy------yyyb-0001--
|
| 905 |
|
|
|a g--a0dc-
|5 -------
|
| 910 |
|
|
|a svkkk
|
| 998 |
|
|
|a BRATL
|
| BAS |
|
|
|